Matrix groups for undergraduates. (Record no. 745649)

MARC details
000 -LEADER
fixed length control field 00760nam a2200265Ia 4500
003 - CONTROL NUMBER IDENTIFIER
control field OSt
005 - DATE AND TIME OF LATEST TRANSACTION
control field 20220928112654.0
008 - FIXED-LENGTH DATA ELEMENTS--GENERAL INFORMATION
fixed length control field 220927b |||||||| |||| 00| 0 eng d
037 ## - SOURCE OF ACQUISITION
Terms of availability Textual
040 ## - CATALOGING SOURCE
Original cataloging agency SDCL
Transcribing agency SDCL
Language of cataloging eng
041 ## - LANGUAGE CODE
Source of code eng
Language code of text/sound track or separate title eng
100 ## - MAIN ENTRY--PERSONAL NAME
Personal name Tapp Kristopher
9 (RLIN) 429162
245 #0 - TITLE STATEMENT
Title Matrix groups for undergraduates.
260 ## - PUBLICATION, DISTRIBUTION, ETC.
Place of publication, distribution, etc. Providence
Name of publisher, distributor, etc. American Mathematical Society
Date of publication, distribution, etc. 2005
300 ## - PHYSICAL DESCRIPTION
Extent v,166p.
Dimensions cm.
490 ## - SERIES STATEMENT
Volume/sequential designation V29 : Student mathematical library
650 ## - SUBJECT ADDED ENTRY--TOPICAL TERM
Topical term or geographic name entry element Gift
9 (RLIN) 391569
942 ## - ADDED ENTRY ELEMENTS (KOHA)
Classification part B245, P5
Koha item type Textual
Source of classification or shelving scheme Colon Classification (CC)
Holdings
Withdrawn status Lost status Damaged status Not for loan Home library Current library Date acquired Source of acquisition Serial Enumeration / chronology Total Checkouts Full call number Barcode Date last seen Price effective from Koha item type
        South Campus Library South Campus Library 2022-09-28 GIFT, 01/06/2011, Gift V29 : Student mathematical library   B245 P5 SC0502646 2022-09-28 2022-09-28 Textual
Copyright @ Delhi University Library System